000 00622nam a2200193Ia 4500
001 64823
008 211029n2019 ii |||gr||||Z||||||465
020 _a9788120332164
082 _a410
100 _aSyal, Pushpinder,
_eAuthor.
245 0 _aAn introduction to linguistics :
_b: language , grammar and semantics /
_cPushpinder Syala and D V Jindal .
_hTextual Documents
250 _a2nd ed.
260 _aDelhi
_bPHI Learning Private Limited
_c2019
300 _axi, 175p.:
_c22cm.
500 _aSent to the assamese departmental library
653 _aLinguistics
700 _aJindal, D V,
_eAuthor.
942 _2ddc
_cBK
999 _c65923
_d65923